书目信息 |
| 题名: |
大学校报
|
|
| 作者: | 于媚 著 | |
| 分册: | ||
| 出版信息: | 北京 光明日报出版社 2014 |
|
| 页数: | 456页 | |
| 开本: | 24cm | |
| 丛书名: | ||
| 单 册: | ||
| 中图分类: | G216.3 | |
| 科图分类: | ||
| 主题词: | 高等学校--校报--新闻工作--研究 | |
| 电子资源: | ||
| ISBN: | 978-7-5112-5871-7 | |
| 000 | 01140nam0 2200253 450 | |
| 001 | 338981 | |
| 005 | 20150604100458.82 | |
| 010 | @a978-7-5112-5871-7@dCNY68.00 | |
| 100 | @a20141103d2014 em y0chiy50 ea | |
| 101 | 0 | @achi |
| 102 | @aCN@b110000 | |
| 105 | @ay z 000yy | |
| 106 | @ar | |
| 200 | 1 | @a大学校报@Ada xue xiao bao@d= The newspaper of university@e理念与实践@econcept and practice@f于媚著@zeng |
| 210 | @a北京@c光明日报出版社@d2014 | |
| 215 | @a456页@d24cm | |
| 300 | @a南京航空航天大学文化建设书系 | |
| 330 | @a本书分三部分: 第一部分“关于大学校报”, 系统地论述了大学校报的文化属性、大学校报的文化功能等理论问题;第二部分为“新闻写作”, 从新闻的概念到新闻的体裁, 从新闻写作的基本要求到大学校报常见各类新闻体裁的写作, 理论阐述简明扼要, 且能联系实际。;第三部分为“校报编辑实务”, 内容包括稿件的组织、选择、修改, 标题的制作, 图片的编辑, 版面编辑等常规报纸编辑学理论。 | |
| 510 | 1 | @aNewspaper of university@econcept and practice@zeng |
| 606 | 0 | @a高等学校@x校报@x新闻工作@x研究 |
| 690 | @aG216.3@v5 | |
| 701 | 0 | @a于媚@Ayu mei@c(女, @f1964)@4著 |
| 801 | 0 | @aCN@b卓展宏图@c20150525 |
| 905 | @dG216.3@e619@f4 | |
| 大学校报= The newspaper of university:理念与实践:concept and practice/于媚著.-北京:光明日报出版社,2014 |
| 456页;24cm |
| 南京航空航天大学文化建设书系 |
| ISBN 978-7-5112-5871-7:CNY68.00 |
| 本书分三部分: 第一部分“关于大学校报”, 系统地论述了大学校报的文化属性、大学校报的文化功能等理论问题;第二部分为“新闻写作”, 从新闻的概念到新闻的体裁, 从新闻写作的基本要求到大学校报常见各类新闻体裁的写作, 理论阐述简明扼要, 且能联系实际。;第三部分为“校报编辑实务”, 内容包括稿件的组织、选择、修改, 标题的制作, 图片的编辑, 版面编辑等常规报纸编辑学理论。 |
| ● |
| 相关链接 |
|
|
|
|
正题名:大学校报
索取号:G216.3/619
 
预约/预借
| 序号 | 登录号 | 条形码 | 馆藏地/架位号 | 状态 | 备注 |
| 1 | 858781 | 208587812 | 第一样本阅览室/ [索取号:G216.3/619] | 在馆 | |
| 2 | 858782 | 208587821 | 教育系资料室/ [索取号:G216.3/619] | 在馆 | |
| 3 | 858783 | 208587830 | 第四借阅区/ [索取号:G216.3/619] | 在馆 | |
| 4 | 858784 | 208587849 | 第四借阅区/ [索取号:G216.3/619] | 在馆 |